00579nam a22001697a 450000500170000001000150001702000220003203500140005403700090006808200120007710000210008924501120011026000570022227000850027930000210036470000240038520220121152358.0 aENG-130798 a978-93-89949-69-8 aEN-114330 bDBAD a657.046 aSharma, Parveen  aProblems and Solutions in ADVANCED ACCOUNTING:bFor CA Intermediate/cParveen Sharma and Kapileshwar Bhalla aChennaibMcGraw Hill Education Private Limitedc2020 a444/1, Sri Ekambara Naicker Industrial Estate, Alapakkam, PorurbChennaie600116 a834p.c25cm(pbk) aBhalla, Kapileshwar